Countries Without Vowels Quiz #02 - Statistics

General Stats
  • This quiz has been taken 34 times
  • The average score is 13 of 14
Answer Stats
Countries (No Vowels) Countries % Correct
JRDN Jordan
97%
MRCC Morocco
97%
PHLPPNS Philippines
97%
PLND Poland
97%
CHN China
94%
MNTNGR Montenegro
94%
TNZN Tanzania
94%
BLRS Belarus
90%
CHD Chad
90%
SLVN Slovenia
90%
SRNM Suriname
87%
FGHNSTN Afghanistan
84%
BLZ Belize
81%
VNT Vanuatu
68%
No matching quizzes found
Score Distribution
Percent of People with Each Score
Percentile by Number Answered
Your Score History
You have not taken this quiz